Statistiques concernant Connais-tu le classement Fifa féminin jusqu'à 20

Cliquez ici pour prendre le quiz!

Statistiques générales

  • Ce quiz a été pris 111 fois
  • Le résultat moyen est 17 sur 20

Statistiques - réponses

PositionPays% Correct
5France
100%
1États-Unis
99%
2Allemagne
94%
4Angleterre
93%
9Brésil
93%
7Espagne
93%
10Australie
90%
6Canada
89%
16Italie
88%
11Japon
88%
8Pays-bas
88%
3Suède
88%
12Norvège
83%
13Chine
79%
19Belgique
77%
20Suisse
73%
15Danemark
72%
18Autriche
66%
17Corée du Sud
62%
14Islande
44%

Distribution des résultats

Percentile par nombre de réponses

% des personnes avec chaque résultat

Votre développement - résultats

Vous n’avez pas pris ce quiz